<?xml version="1.0" encoding="UTF-8"?>
<record
    xmlns:xsi="http://www.w3.org/2001/XMLSchema-instance"
    xsi:schemaLocation="http://www.loc.gov/MARC21/slim http://www.loc.gov/standards/marcxml/schema/MARC21slim.xsd"
    xmlns="http://www.loc.gov/MARC21/slim">

  <leader>01904cam a22002415a 4500</leader>
  <datafield tag="999" ind1=" " ind2=" ">
    <subfield code="c">27408</subfield>
    <subfield code="d">27379</subfield>
  </datafield>
  <controlfield tag="001">20363337</controlfield>
  <controlfield tag="005">20190421125024.0</controlfield>
  <controlfield tag="008">180220s2018    flua   frb    000 0 eng d</controlfield>
  <datafield tag="010" ind1=" " ind2=" ">
    <subfield code="a">  2018005481</subfield>
  </datafield>
  <datafield tag="020" ind1=" " ind2=" ">
    <subfield code="a">9781138570191 (pbk. :  acid-free paper)</subfield>
  </datafield>
  <datafield tag="040" ind1=" " ind2=" ">
    <subfield code="a">DLC</subfield>
    <subfield code="b">eng</subfield>
    <subfield code="c">DLC</subfield>
    <subfield code="d">EG-ScBUE</subfield>
  </datafield>
  <datafield tag="082" ind1="0" ind2="4">
    <subfield code="a">621.312136</subfield>
    <subfield code="b">ROS</subfield>
    <subfield code="2">22</subfield>
  </datafield>
  <datafield tag="100" ind1="1" ind2=" ">
    <subfield code="a">Rosato, Mario Alejandro.</subfield>
  </datafield>
  <datafield tag="245" ind1="1" ind2="0">
    <subfield code="a">Small wind turbines for electricity and irrigation :</subfield>
    <subfield code="b">design and construction /</subfield>
    <subfield code="c">Mario Alejandro Rosato.</subfield>
  </datafield>
  <datafield tag="260" ind1=" " ind2=" ">
    <subfield code="a">Boca Raton, Fla. :</subfield>
    <subfield code="b">CRC press / Taylor &amp; Francis Group,</subfield>
    <subfield code="c">c.2019.</subfield>
  </datafield>
  <datafield tag="300" ind1=" " ind2=" ">
    <subfield code="a">xxi, 327 p. :</subfield>
    <subfield code="b">ill. ;</subfield>
    <subfield code="c">24 cm.</subfield>
  </datafield>
  <datafield tag="504" ind1=" " ind2=" ">
    <subfield code="a">Includes bibliographical references.</subfield>
  </datafield>
  <datafield tag="520" ind1=" " ind2=" ">
    <subfield code="a">This practical book deals with the technology of small-power wind turbines as opposed to widely diffused industrial wind turbines and wind farms. It covers the most common wind turbine technologies in the small power segment: horizontal axis both for electrical generation and water pumping, vertical axis of the Darrieus type, and vertical axis of the Savonius type. With each chapter following the same didactic scheme&#x2015;a theoretical explanation and practical examples showing calculation procedures&#x2015;it allows anybody with basic technical knowledge to design and build a small wind turbine for any site. A set of simple spreadsheets is available for download, each providing further examples of how to solve specific design problems and allowing the reader to play with changing parameters and see what-if. This simple trial-and-error learning process allows beginners to develop the feeling of the orders of magnitude involved in the design of a small wind power system, its potential advantages on other alternative solutions, and its limitations under some special circumstances.</subfield>
  </datafield>
  <datafield tag="650" ind1=" " ind2="7">
    <subfield code="a">Wind turbines</subfield>
    <subfield code="x">Design and construction.</subfield>
    <subfield code="2">BUEsh</subfield>
  </datafield>
  <datafield tag="651" ind1=" " ind2=" ">
    <subfield code="2">BUEsh</subfield>
  </datafield>
  <datafield tag="653" ind1=" " ind2=" ">
    <subfield code="b">ENGMEC</subfield>
    <subfield code="c">April2019</subfield>
  </datafield>
  <datafield tag="942" ind1=" " ind2=" ">
    <subfield code="2">ddc</subfield>
  </datafield>
  <datafield tag="952" ind1=" " ind2=" ">
    <subfield code="0">0</subfield>
    <subfield code="1">0</subfield>
    <subfield code="2">ddc</subfield>
    <subfield code="4">0</subfield>
    <subfield code="7">0</subfield>
    <subfield code="8">Alahram</subfield>
    <subfield code="a">MAIN</subfield>
    <subfield code="b">MAIN</subfield>
    <subfield code="c">1ST</subfield>
    <subfield code="d">2019-04-21</subfield>
    <subfield code="e">Purchase</subfield>
    <subfield code="g">1590.00</subfield>
    <subfield code="h">524</subfield>
    <subfield code="l">0</subfield>
    <subfield code="o">621.312136 ROS</subfield>
    <subfield code="p">000044618</subfield>
    <subfield code="r">2025-07-15 00:00:00</subfield>
    <subfield code="v">1987.50</subfield>
    <subfield code="y">BB</subfield>
  </datafield>
</record>
